Statistics for Every NBA Rookie Of the Year Award

Click here to take the quiz!

General Stats

  • This quiz has been taken 44 times
    (2 since last reset)
  • The average score is 24 of 71

Answer Stats

YearPlayer% Correct
2020Ja Morant
100%
2019Luka Doncic
100%
2018Ben Simmons
100%
1980Larry Bird
100%
2014Michael Carter-Williams
100%
2013Damian Lillard
100%
1982Buck Williams
100%
1992Larry Johnson
100%
1985Michael Jordan
100%
2004LeBron James
100%
Co - 1995Grant Hill
50%
Co - 1995Jason Kidd
50%
1961Oscar Robertson
50%
1993Shaquille O'Neal
50%
1984Ralph Sampson
50%
1990David Robinson
50%
1986Patrick Ewing
50%
1973Bob McAdoo
50%
1965Willis Reed
50%
1966Rick Barry
50%
1969Wes Unseld
50%
1970Kareem Abdul-Jabbar
50%
1960Wilt Chamberlain
50%
1997Allen Iverson
50%
1998Tim Duncan
50%
1955Bob Pettit
50%
2017Malcolm Brogdon
50%
2016Karl Anthony-Towns
50%
2015Andrew Wiggins
50%
2012Kyrie Irving
50%
2011Blake Griffin
50%
2010Tyreke Evans
50%
2009Derrick Rose
50%
1999Vince Carter
50%
2007Brandon Roy
50%
Co - 2000Elton Brand
50%
Co - 2000Steve Francis
50%
1964Jerry Lucas
0%
1963Terry Dischinger
0%
1954Ray Felix
0%
1956Maurice Stokes
0%
1962Walt Bellamy
0%
1957Tom Heinsohn
0%
1958Woody Sauldsberry
0%
1959Elgin Baylor
0%
1967Dave Bing
0%
1968Earl Monroe
0%
Co - 1971Geoff Petrie
0%
Co - 1971Dave Cowens
0%
1987Chuck Person
0%
1972Sidney Wicks
0%
1991Derrick Coleman
0%
2008Kevin Durant
0%
2006Chris Paul
0%
2005Emeka Okafor
0%
2003Amare Stoudemire
0%
2002Pau Gasol
0%
2001Mike Miller
0%
1996Damon Stoudamire
0%
1994Chris Webber
0%
1989Mitch Richmond
0%
1974Ernie DiGregorio
0%
1988Mark Jackson
0%
1983Terry Cummings
0%
1981Darrell Griffith
0%
1979Phil Ford
0%
1978Walter Davis
0%
1977Adrian Dantley
0%
1976Alvan Adams
0%
1975Jamaal Wilkes
0%
1953Monk Meineke
0%

Score Distribution

Percentile by Number Answered

Percent of People with Each Score

Your Score History

You have not taken this quiz since the last reset